00837nam a2200217 a 4500008004100000020002300041245006100064260009300125300003200218440003200250500009600282504004100378500002000419650003600439700002000475710004100495710005600536003000100592005001700593040000900610  a0863410847 (cased)00aIndustrial software technology /cedited by R. Mitchell. aLondon :bPeter Peregrinus on behalf of the Institution of Electrical Engineers,cc1987. ax, 289 p. :bill. ;c24 cm. 0aIEE computing series ;v10. aSelected papers from the 1985 and 1986 European Seminars on Industrial Software Technology. aIncludes bibliographical references. aIncludes index. 0aComputer softwarexDevelopment.1 aMitchell, R. J.2 aInstitution of Electrical Engineers.2 aEuropean Seminar on Industrial Software Technology.20230123133425.0 cNUST